twenty one pilots lyrics quiz - Statistics

General Stats
  • This quiz has been taken 341 times
  • The average score is 14 of 17
Answer Stats
Question Answer % Correct
my name's Blurryface and i care what you think stressed out
96%
rust around the rim, drink it anyway, i cut my lip cut my lip
93%
when i get home, you better not be there! you're long gone shy away
93%
get out of our way mulberry street
92%
i'm on the outside, in the summer heat the outside
92%
snow falls down from the gray sky Christmas saves the year
90%
i've got two faces, Blurry's the one i'm not goner
90%
did you have fun? yes
90%
hello, hello, hello oh, hello trees
87%
stay alive, stay alive for me truce
87%
metaphorically i'm a wh***, and that's denial number four! ode to sleep
86%
they know that it's almost, they know that it's almost over leave the city
83%
lose my sense of time, or two Saturday
83%
there's one more thing i wanna say before you walk away "our brains are sick, but that's okay!!!" fake you out
77%
you know i had to do one on the record for her like this. smithereens
69%
he wakes up early today trapdoor
66%
no, no we are not just graffiti on a passing train, i got back what i once bought in that slot, i wont need to replace it levitate
65%
No matching quizzes found
Score Distribution
Percent of People with Each Score
Percentile by Number Answered
Your Score History
You have not taken this quiz